| 000 | 00459nam a2200169 a 4500 | ||
|---|---|---|---|
| 005 | 20210219154744.0 | ||
| 008 | 040123s2000 mx r 000 0 spa d | ||
| 020 | _a9701859944 | ||
| 035 | _aUPN01000131512 | ||
| 049 | _aI | ||
| 099 | _a(POR ADQUIRIR) | ||
| 245 | 0 | 0 |
_aDespierta mi bien despierta / _ccoord. Rosa Oceja Yáñez |
| 260 |
_aMéxico : _bSEP : _bCONAFE, _c[2000?]. |
||
| 300 | _a10 casetes | ||
| 440 | 0 | _aRadioprogramas | |
| 905 | _aAudiovisuales | ||
| 999 |
_c103667 _d103667 |
||